Gaming Quiz

Random Gaming or Pokémon Quiz

Pokémon Ghost Moves Quiz Stats

 Plays Quiz not verified by Sporcle

Challenge
Share
Tweet
Embed
Score 0/18 Timer 04:00
0 Plays Today
Generation: Move: % Correct
2Shadow Ball
96.7%
1Lick
88.2%
2Curse
83.7%
4Shadow Sneak
83%
3Shadow Punch
82.4%
4Shadow Claw
79.7%
1Night Shade
78.4%
1Confuse Ray
75.2%
4Shadow Force
73.2%
Generation: Move: % Correct
5Hex
70.6%
6Phantom Force
67.3%
2Spite
60.8%
4Ominous Wind
59.5%
3Astonish
58.2%
6Trick-or-Treat
56.9%
2Nightmare
54.9%
3Grudge
54.2%
2Destiny Bond
52.9%

You're not logged in!

Compare scores with friends on all Sporcle quizzes.
Join for Free
OR
Log In

You Might Also Like...

Show Comments

Extras

Created Jul 12, 2015ReportNominate
Tags:Pokémon Quiz, generation, ghost

Top Quizzes Today


Score Distribution

Your Account Isn't Verified!

In order to create a playlist on Sporcle, you need to verify the email address you used during registration. Go to your Sporcle Settings to finish the process.

Report this User

Report this user for behavior that violates our Community Guidelines.

Details: